[Event "Milan SSM op 09"]
[Site "Milan"]
[Date "2014.10.03"]
[Round "6"]
[White "Casamassima, Paolo"]
[Black "Miracola, Massimiliano"]
[Result "0-1"]
[WhiteElo "1687"]
[BlackElo "2173"]
[PlyCount "90"]
[EventDate "2014.09.16"]
[EventType "swiss"]
[EventRounds "8"]
[EventCountry "ITA"]
[SourceTitle "EXT 2016"]
[Source "ChessBase"]
[SourceDate "2015.10.08"]
[SourceVersion "1"]
[SourceVersionDate "2015.10.08"]
[SourceQuality "1"]

1. d4 d6 2. c4 Nd7 3. g3 e5 4. d5 g6 5. Bg2 Bg7 6. e4 Ne7 7. Nc3 0-0 8. Nge2 f5 9. exf5 Nxf5 10. 0-0 Nd4 11. Nxd4 exd4 12. Nb5 d3 13. Qxd3 Ne5 14. Qb3 Bf5 15. Rd1 Ng4 16. Rf1 a6 17. Na3 Bd4 18. Be3 Nxe3 19. fxe3 Bb6 20. Kh1 Re8 21. Rae1 Re5 22. e4 Qe7 23. Qd3 Re8 24. Rf4 g5 25. Rxf5 Rxf5 26. Nc2 Rf6 27. b4 Bf2 28. Re2 Qe5 29. Bh3 Kg7 30. Kg2 Bb6 31. Ne3 Bxe3 32. Qxe3 h6 33. c5 Qa1 34. Qg1 Qxg1+ 35. Kxg1 Rf3 36. Bd7 Rd8 37. c6 bxc6 38. dxc6 Rb8 39. Rb2 Re3 40. Bf5 Kf6 41. Kf2 Rc3 42. Bd7 Ke5 43. Rd2 Rxb4 44. Rd5+ Kxe4 45. Ra5 Rb2+ 0-1

[Event "Vidin Balkan Amateur op 5th"]
[Site "Vidin"]
[Date "2014.08.25"]
[Round "3"]
[White "Georgiev, Todor"]
[Black "Miracola, Massimiliano"]
[Result "0-1"]
[WhiteElo "1901"]
[BlackElo "2157"]
[PlyCount "111"]
[EventDate "2014.08.23"]
[EventType "swiss"]
[EventRounds "9"]
[EventCountry "BUL"]
[SourceTitle "CBM 162 Extra"]
[Source "ChessBase"]
[SourceDate "2014.10.17"]
[SourceVersion "1"]
[SourceVersionDate "2014.10.17"]
[SourceQuality "1"]

1. d4 d6 2. c4 Nf6 3. Nc3 Nbd7 4. e4 e5 5. d5 g6 6. Be2 Bg7 7. Bg5 h6 8. Be3 0-0 9. Qd2 Kh7 10. g4 Nc5 11. f3 a5 12. 0-0-0 Ne8 13. h4 a4 14. h5 g5 15. Bd3 Bf6 16. Nge2 Be7 17. Ng3 c6 18. Bc2 Qa5 19. Bxc5 Qxc5 20. Nxa4 Qa7 21. Nc3 Bd8 22. a3 Bb6 23. Kb1 Bd4 24. Nge2 Bc5 25. Rh2 Bd7 26. Na4 Be3 27. Qd3 Rb8 28. Nec3 Bd4 29. Ne2 c5 30. Nac3 Nc7 31. Nb5 Qb6 32. Nexd4 cxd4 33. Nxc7 Qxc7 34. a4 Rfc8 35. b3 Qc5 36. Qd2 Ra8 37. Kb2 b5 38. cxb5 Bxb5 39. b4 Qa7 40. a5 Rc3 41. Bb3 Rac8 42. Rhh1 d3 43. Rc1 Rxc1 44. Rxc1 Qd4+ 45. Ka3 Rxc1 46. Qxc1 d2 47. Qd1 Be2 48. Qb1 d1Q 49. Bxd1 Bxd1 50. Qb2 Qd3+ 51. Ka2 Bxf3 52. b5 Bxe4 53. a6 Bxd5+ 54. Ka1 Qd1+ 55. Qb1+ Qxb1+ 56. Kxb1 0-1

[Event "ITA-ch sf"]
[Site "Civitanova Marche"]
[Date "2014.07.26"]
[Round "8"]
[White "Miracola, Massimiliano"]
[Black "Pulito, Alberto"]
[Result "0-1"]
[WhiteElo "2157"]
[BlackElo "2253"]
[PlyCount "50"]
[EventDate "2014.07.19"]
[EventType "swiss"]
[EventRounds "9"]
[EventCountry "ITA"]
[SourceTitle "EXT 2024"]
[Source "ChessBase"]
[SourceDate "2023.10.10"]
[SourceVersion "1"]
[SourceVersionDate "2023.10.10"]
[SourceQuality "1"]

1. e4 b6 2. d4 Bb7 3. Bd3 e6 4. Nf3 Nf6 5. Qe2 d5 6. e5 Nfd7 7. Ng5 Qe7 8. Qg4 c5 9. c3 Nc6 10. a3 0-0-0 11. 0-0 h5 12. Qf4 f6 13. Nf3 g5 14. exf6 Nxf6 15. Nxg5 Bh6 16. Qf3 e5 17. dxe5 Nxe5 18. Qf5+ Nfd7 19. h4 Rdf8 20. Qh3 Nxd3 21. Qxd3 Ne5 22. Qh3+ Kb8 23. Re1 Bxg5 24. Qg3 Bxc1 25. Rxe5 Qxe5 0-1

[Event "ITA-ch sf"]
[Site "Civitanova Marche"]
[Date "2014.07.23"]
[Round "5"]
[White "Martorelli, Antonio"]
[Black "Miracola, Massimiliano"]
[Result "1-0"]
[WhiteElo "2269"]
[BlackElo "2157"]
[PlyCount "61"]
[EventDate "2014.07.19"]
[EventType "swiss"]
[EventRounds "9"]
[EventCountry "ITA"]
[SourceTitle "EXT 2024"]
[Source "ChessBase"]
[SourceDate "2023.10.10"]
[SourceVersion "1"]
[SourceVersionDate "2023.10.10"]
[SourceQuality "1"]

1. e4 d6 2. d4 Nf6 3. Nc3 e5 4. Nf3 Nbd7 5. Bc4 Be7 6. 0-0 0-0 7. Re1 c6 8. a4 b6 9. h3 Bb7 10. d5 Rc8 11. dxc6 Bxc6 12. Ba6 Rb8 13. Bg5 Nc5 14. Bb5 Ba8 15. Bxf6 Bxf6 16. Nd5 g6 17. b4 Nb7 18. Ra3 Bg7 19. Rc3 f6 20. Qd3 a5 21. Nc7 Qe7 22. Nd5 Qd8 23. Rc7 axb4 24. Rd7 Nc5 25. Rxd8 Nxd3 26. Rxf8+ Kxf8 27. cxd3 Bxd5 28. exd5 f5 29. Ng5 Bh6 30. h4 Rc8 31. Bc6 1-0

[Event "ITA-ch sf"]
[Site "Civitanova Marche"]
[Date "2014.07.22"]
[Round "4"]
[White "Miracola, Massimiliano"]
[Black "Formento, Paolo"]
[Result "1/2-1/2"]
[WhiteElo "2157"]
[BlackElo "2228"]
[PlyCount "104"]
[EventDate "2014.07.19"]
[EventType "swiss"]
[EventRounds "9"]
[EventCountry "ITA"]
[SourceTitle "EXT 2024"]
[Source "ChessBase"]
[SourceDate "2023.10.10"]
[SourceVersion "1"]
[SourceVersionDate "2023.10.10"]
[SourceQuality "1"]

1. Nf3 Nf6 2. g3 b6 3. c4 e6 4. Bg2 Bb7 5. 0-0 Be7 6. d4 0-0 7. Nc3 Na6 8. b3 d5 9. Ne5 Qc8 10. cxd5 exd5 11. Bb2 Qe6 12. Nd3 c6 13. Rc1 Nc7 14. Re1 Qf5 15. e4 dxe4 16. Nxe4 Ncd5 17. Ne5 Bb4 18. Nxf6+ Qxf6 19. Nd7 Qd6 20. Nxf8 Bxe1 21. Qxe1 Rxf8 22. Qe2 g6 23. Re1 Bc8 24. Qe5 Qxe5 25. Rxe5 Be6 26. Bxd5 Bxd5 27. Bc1 Kg7 28. Kf1 Ra8 29. Ke2 a5 30. Kd3 a4 31. Kc3 axb3 32. axb3 Ra1 33. Kb2 Ra5 34. Bd2 Ra7 35. h4 f6 36. Re8 Kf7 37. Re1 Re7 38. Rxe7+ Kxe7 39. Kc3 Ke6 40. b4 Kf5 41. Kd3 g5 42. hxg5 fxg5 43. f4 g4 44. Ke3 Be4 45. Be1 Bc2 46. Bd2 Ke6 47. Be1 Kd5 48. Bc3 Bf5 49. Bd2 Kc4 50. Be1 h6 51. Bd2 Kb3 52. Be1 Kc4 1/2-1/2

[Event "ITA-ch sf"]
[Site "Civitanova Marche"]
[Date "2014.07.19"]
[Round "1"]
[White "Valsecchi, Alessio"]
[Black "Miracola, Massimiliano"]
[Result "1-0"]
[WhiteElo "2421"]
[BlackElo "2157"]
[PlyCount "61"]
[EventDate "2014.07.19"]
[EventType "swiss"]
[EventRounds "9"]
[EventCountry "ITA"]
[SourceTitle "EXT 2024"]
[Source "ChessBase"]
[SourceDate "2023.10.10"]
[SourceVersion "1"]
[SourceVersionDate "2023.10.10"]
[SourceQuality "1"]

1. Nf3 Nf6 2. c4 g6 3. g3 Bg7 4. Bg2 0-0 5. 0-0 d6 6. Nc3 e5 7. d3 Nc6 8. Rb1 a5 9. a3 Nd4 10. Ne1 c6 11. b4 axb4 12. axb4 Be6 13. Bg5 d5 14. e3 Nf5 15. e4 Ne7 16. exd5 cxd5 17. Bxf6 Bxf6 18. Qf3 Nf5 19. Nxd5 Bxd5 20. Qxd5 Rb8 21. Nc2 Qc7 22. Ne3 Nd4 23. Kh1 Bg7 24. c5 Kh8 25. Nc4 f5 26. Qd6 Qxd6 27. Nxd6 b5 28. Rfc1 Rf6 29. Bd5 e4 30. dxe4 fxe4 31. Bxe4 1-0

[Event "ITA-ch U20"]
[Site "Porto San Giorgio"]
[Date "2013.08.27"]
[Round "7"]
[White "Varvaglione, Antonio"]
[Black "Miracola, Massimiliano"]
[Result "0-1"]
[WhiteElo "2048"]
[BlackElo "2149"]
[PlyCount "100"]
[EventDate "2013.08.21"]
[EventType "swiss"]
[EventRounds "9"]
[EventCountry "ITA"]
[SourceTitle "EXT 2015"]
[Source "ChessBase"]
[SourceDate "2014.11.20"]
[SourceVersion "1"]
[SourceVersionDate "2014.11.20"]
[SourceQuality "1"]

1. e4 d6 2. d4 Nf6 3. Nc3 e5 4. Nf3 Nbd7 5. Bc4 Be7 6. 0-0 0-0 7. Re1 c6 8. a4 b6 9. Ba2 Bb7 10. d5 cxd5 11. Nxd5 Nxd5 12. Bxd5 Bxd5 13. Qxd5 Qc7 14. c3 Nf6 15. Qb3 Rad8 16. Bg5 h6 17. Bxf6 Bxf6 18. Nd2 Qc5 19. Qb5 d5 20. Qxc5 bxc5 21. exd5 Rxd5 22. Nc4 Rfd8 23. f3 g6 24. Kf1 Bg7 25. Ke2 f5 26. Rad1 Kf7 27. Rxd5 Rxd5 28. Rd1 Rxd1 29. Kxd1 Ke6 30. Ke2 h5 31. Kd3 Bh6 32. b4 Kd5 33. Na3 cxb4 34. cxb4 Bf8 35. Nc2 e4+ 36. fxe4+ fxe4+ 37. Kc3 Bg7+ 38. Kb3 Bd4 39. b5 Bg1 40. h3 Kc5 41. Kc3 Bf2 42. Kd2 Kc4 43. g4 hxg4 44. hxg4 Bc5 45. Ne3+ Bxe3+ 46. Kxe3 Kb4 47. Kxe4 Kxa4 48. Kf4 Kxb5 49. Kg5 a5 50. Kxg6 a4 0-1

[Event "Bergamo op 12th"]
[Site "Bergamo"]
[Date "2013.07.20"]
[Round "3"]
[White "Bardone, Lorenzo"]
[Black "Miracola, Massimiliano"]
[Result "0-1"]
[WhiteElo "1988"]
[BlackElo "2128"]
[PlyCount "96"]
[EventDate "2013.07.19"]
[EventType "swiss"]
[EventRounds "6"]
[EventCountry "ITA"]
[SourceTitle "EXT 2024"]
[Source "ChessBase"]
[SourceDate "2023.10.10"]
[SourceVersion "1"]
[SourceVersionDate "2023.10.10"]
[SourceQuality "1"]

1. e4 d6 2. d4 Nf6 3. Nc3 e5 4. dxe5 dxe5 5. Qxd8+ Kxd8 6. Bg5 c6 7. 0-0-0+ Ke8 8. f4 Be7 9. Be2 h6 10. fxe5 hxg5 11. exf6 Bxf6 12. Nf3 Nd7 13. Nd4 g6 14. h3 Ne5 15. Rhf1 Ke7 16. Ndb5 g4 17. Nd6 gxh3 18. Nxc8+ Raxc8 19. gxh3 Rxh3 20. Rf2 Rch8 21. Rdf1 Bg5+ 22. Kb1 Be3 23. Rg2 Rh1 24. Rxh1 Rxh1+ 25. Nd1 Rg1 26. Rxg1 Bxg1 27. Kc1 Kf6 28. Kd2 Nd7 29. Ne3 Bxe3+ 30. Kxe3 Ke5 31. b4 Nf8 32. Bg4 f5 33. exf5 gxf5 34. Bf3 Ne6 35. b5 Nd4 36. bxc6 Nxc6 37. c3 Nd8 38. a4 b6 39. c4 Ne6 40. Bc6 f4+ 41. Kd3 Nc5+ 42. Kc3 a5 43. Bb5 Ke4 44. Kd2 Kd4 45. Ke2 Ne6 46. Kf3 Ke5 47. Kf2 Nd4 48. Be8 Kd6 0-1

[Event "Bergamo op 12th"]
[Site "Bergamo"]
[Date "2013.07.20"]
[Round "4"]
[White "Miracola, Massimiliano"]
[Black "Solomon, Kenny"]
[Result "1/2-1/2"]
[WhiteElo "2128"]
[BlackElo "2410"]
[PlyCount "55"]
[EventDate "2013.07.19"]
[EventType "swiss"]
[EventRounds "6"]
[EventCountry "ITA"]
[SourceTitle "CBM 155 Extra"]
[Source "ChessBase"]
[SourceDate "2013.08.26"]
[SourceVersion "1"]
[SourceVersionDate "2013.08.26"]
[SourceQuality "1"]

1. e4 d6 2. d4 Nf6 3. Nc3 e5 4. Nf3 Nbd7 5. g4 Nxg4 6. Rg1 Ngf6 7. Bc4 h6 8. Be3 c6 9. Qe2 b5 10. Bb3 Qa5 11. Bd2 b4 12. dxe5 Nxe5 13. Nxe5 dxe5 14. Qc4 Qc7 15. Nd5 Nxd5 16. exd5 c5 17. d6 Bxd6 18. Rxg7 Be6 19. Qe4 Kf8 20. Rh7 Rxh7 21. Qxh7 Ke7 22. Bxe6 Kxe6 23. Qxh6+ f6 24. 0-0-0 Rg8 25. Qh3+ Kf7 26. Qh5+ Ke6 27. Qh3+ Kf7 28. Qh5+ 1/2-1/2

[Event "Bergamo op 12th"]
[Site "Bergamo"]
[Date "2013.07.19"]
[Round "2"]
[White "Miracola, Massimiliano"]
[Black "Movileanu, Daniela"]
[Result "1-0"]
[WhiteElo "2128"]
[BlackElo "2030"]
[PlyCount "129"]
[EventDate "2013.07.19"]
[EventType "swiss"]
[EventRounds "6"]
[EventCountry "ITA"]
[SourceTitle "EXT 2024"]
[Source "ChessBase"]
[SourceDate "2023.10.10"]
[SourceVersion "1"]
[SourceVersionDate "2023.10.10"]
[SourceQuality "1"]

1. g3 Nf6 2. Bg2 g6 3. e4 d6 4. d4 Bg7 5. Ne2 0-0 6. 0-0 c5 7. Nbc3 cxd4 8. Nxd4 Ng4 9. h3 Ne5 10. Kh2 Nbc6 11. Nde2 Be6 12. f4 Nc4 13. f5 Bd7 14. Nf4 N6e5 15. Nfd5 Rc8 16. Nxe7+ Qxe7 17. f6 Qe6 18. Nd5 Nc6 19. fxg7 Kxg7 20. b3 Nb6 21. Bb2+ Ne5 22. Rf6 Qe8 23. Rxd6 Bc6 24. Nf6 Qe7 25. Qd4 Rfe8 26. Ng4 Nbd7 27. Rxd7 Qxd7 28. Qxd7 Bxd7 29. Bxe5+ f6 30. Bxf6+ Kf7 31. e5 Rxc2 32. Ne3 Re2 33. Nc4 Bc6 34. Rg1 Ke6 35. Kh1 Bxg2+ 36. Rxg2 Rxg2 37. Kxg2 Rc8 38. a4 a6 39. a5 Rc5 40. Kf3 Rb5 41. Nd2 Rxa5 42. Ke4 Ra2 43. Nf3 Re2+ 44. Kd4 h6 45. Kc5 Rg2 46. Nd4+ Kf7 47. Bd8 Ke8 48. Bf6 Kf7 49. g4 Rg3 50. Bd8 Ke8 51. Bf6 Kf7 52. Bh8 Rxh3 53. Kd6 Rd3 54. e6+ Ke8 55. Kd5 Kd8 56. Bf6+ Ke8 57. Bg7 Rh3 58. Ke5 Ke7 59. Bf6+ Ke8 60. Bg7 b5 61. Kf6 h5 62. Kxg6 hxg4 63. Nf5 Rxb3 64. Bf6 Re3 65. Nxe3 1-0

[Event "Milan Palladino Memorial"]
[Site "Milan"]
[Date "2013.04.01"]
[Round "7"]
[White "Vezzosi, Paolo"]
[Black "Miracola, Massimiliano"]
[Result "1/2-1/2"]
[WhiteElo "2290"]
[BlackElo "2143"]
[PlyCount "73"]
[EventDate "2013.03.28"]
[EventType "swiss"]
[EventRounds "7"]
[EventCountry "ITA"]
[SourceTitle "EXT 2014"]
[Source "ChessBase"]
[SourceDate "2013.11.20"]
[SourceVersion "1"]
[SourceVersionDate "2013.11.20"]
[SourceQuality "1"]

1. d4 Nf6 2. c4 g6 3. Nc3 Bg7 4. e4 d6 5. Be2 0-0 6. Be3 e5 7. Nf3 Ng4 8. Bg5 f6 9. Bh4 g5 10. Bg3 Nh6 11. dxe5 dxe5 12. Qd5+ Nf7 13. h4 h6 14. hxg5 hxg5 15. Qxd8 Rxd8 16. Nd5 Rd7 17. Nd2 c6 18. Ne3 Na6 19. Bg4 Rd8 20. Bxc8 Raxc8 21. Ke2 Nc5 22. Nf5 Rc7 23. b3 Rcd7 24. Rhd1 Nd6 25. f3 Ne6 26. Ne3 Nf4+ 27. Bxf4 exf4 28. Nf5 Nf7 29. Nf1 Rxd1 30. Rxd1 Rxd1 31. Kxd1 Bf8 32. Ke2 Ne5 33. g3 fxg3 34. N1xg3 Kf7 35. Ne3 Bc5 36. Nef5 Bf8 37. Ne3 1/2-1/2

[Event "Milan Palladino Memorial"]
[Site "Milan"]
[Date "2013.03.31"]
[Round "5"]
[White "Miracola, Massimiliano"]
[Black "Bemporad, Filippo"]
[Result "1-0"]
[WhiteElo "2143"]
[BlackElo "2055"]
[PlyCount "63"]
[EventDate "2013.03.28"]
[EventType "swiss"]
[EventRounds "7"]
[EventCountry "ITA"]
[SourceTitle "EXT 2014"]
[Source "ChessBase"]
[SourceDate "2013.11.20"]
[SourceVersion "1"]
[SourceVersionDate "2013.11.20"]
[SourceQuality "1"]

1. e4 c5 2. Nf3 d6 3. d4 cxd4 4. Nxd4 Nf6 5. Nc3 a6 6. Be3 e6 7. f3 Nbd7 8. Qd2 b5 9. g4 h6 10. 0-0-0 Bb7 11. h4 Nb6 12. Qf2 Nfd7 13. Kb1 Qc7 14. Bh3 Rc8 15. a3 Nc4 16. Bc1 Nxa3+ 17. bxa3 Qxc3 18. g5 Qc5 19. g6 e5 20. gxf7+ Ke7 21. Nf5+ Kxf7 22. Nxd6+ Bxd6 23. Qxc5 Rxc5 24. Rxd6 Nf6 25. Bb2 Re8 26. Rhd1 Re7 27. R1d3 Rec7 28. Be6+ Ke7 29. Bb3 a5 30. Re6+ Kf7 31. Bxe5 a4 32. Rxf6+ 1-0

[Event "Milan SSM op"]
[Site "Milan"]
[Date "2012.08.01"]
[Round "7"]
[White "Miracola, Massimiliano"]
[Black "Cacciola, Alfredo"]
[Result "1-0"]
[WhiteElo "2118"]
[BlackElo "2087"]
[PlyCount "50"]
[EventDate "2012.07.27"]
[EventType "swiss"]
[EventRounds "7"]
[EventCountry "ITA"]
[SourceTitle "EXT 2014"]
[Source "ChessBase"]
[SourceDate "2013.11.20"]
[SourceVersion "1"]
[SourceVersionDate "2013.11.20"]
[SourceQuality "1"]

1. d4 d5 2. c4 e6 3. Nf3 Nf6 4. g3 dxc4 5. Bg2 Nc6 6. 0-0 Rb8 7. e3 b5 8. Qe2 Be7 9. b3 cxb3 10. axb3 0-0 11. Nc3 a6 12. Rd1 Nb4 13. e4 Bb7 14. Ne5 Qd6 15. Bf4 Qb6 16. Bg5 Rbd8 17. Ng4 Rfe8 18. Nxf6+ Bxf6 19. Bxf6 gxf6 20. Qg4+ Kf8 21. Qh4 Rxd4 22. Qxf6 c5 23. Ne2 Nc2 24. Nxd4 Nxd4 25. b4 Nc6 1-0

[Event "Milan SSM op"]
[Site "Milan"]
[Date "2012.07.31"]
[Round "6"]
[White "Coppola, Federico"]
[Black "Miracola, Massimiliano"]
[Result "1-0"]
[WhiteElo "1844"]
[BlackElo "2118"]
[PlyCount "53"]
[EventDate "2012.07.27"]
[EventType "swiss"]
[EventRounds "7"]
[EventCountry "ITA"]
[SourceTitle "EXT 2014"]
[Source "ChessBase"]
[SourceDate "2013.11.20"]
[SourceVersion "1"]
[SourceVersionDate "2013.11.20"]
[SourceQuality "1"]

1. e4 c5 2. Nf3 d6 3. d4 cxd4 4. Nxd4 Nf6 5. Nc3 Nc6 6. Bg5 Bd7 7. Qd2 h6 8. Bxf6 gxf6 9. f4 Nxd4 10. Qxd4 Qa5 11. 0-0-0 Rc8 12. Be2 h5 13. Kb1 Qc5 14. Qd3 Bg7 15. Qg3 Kf8 16. Rd5 h4 17. Rxc5 hxg3 18. Rxc8+ Bxc8 19. h3 Rh4 20. f5 Bh6 21. Bg4 Bf4 22. Ne2 Be5 23. c3 Bd7 24. Nd4 e6 25. Re1 Ke7 26. Nf3 Bc6 27. Nxh4 1-0

[Event "Milan SSM op"]
[Site "Milan"]
[Date "2012.07.27"]
[Round "1"]
[White "Montoli, Marco"]
[Black "Miracola, Massimiliano"]
[Result "1/2-1/2"]
[WhiteElo "1886"]
[BlackElo "2118"]
[PlyCount "49"]
[EventDate "2012.07.27"]
[EventType "swiss"]
[EventRounds "7"]
[EventCountry "ITA"]
[SourceTitle "EXT 2014"]
[Source "ChessBase"]
[SourceDate "2013.11.20"]
[SourceVersion "1"]
[SourceVersionDate "2013.11.20"]
[SourceQuality "1"]

1. c4 Nf6 2. Nf3 g6 3. Nc3 Bg7 4. g3 0-0 5. Bg2 d6 6. 0-0 c5 7. d3 Nc6 8. Rb1 Nh5 9. Bd2 h6 10. a3 a5 11. Ne1 f5 12. Nc2 f4 13. Nd5 fxg3 14. hxg3 Bg4 15. Nce3 Bd7 16. Nc2 Bg4 17. Nce3 Bd7 18. Nc2 e6 19. Nf4 Nxf4 20. Bxf4 Qe7 21. b4 axb4 22. axb4 Nxb4 23. Nxb4 cxb4 24. Rxb4 Bc6 25. Qb3 1/2-1/2

[Event "Milan Crespi op-A 32nd"]
[Site "Milan"]
[Date "2011.12.10"]
[Round "9"]
[White "Miracola, Massimiliano"]
[Black "Salvador, Roland"]
[Result "1/2-1/2"]
[WhiteElo "2007"]
[BlackElo "2500"]
[PlyCount "136"]
[EventDate "2011.12.03"]
[EventType "swiss"]
[EventRounds "9"]
[EventCountry "ITA"]
[SourceTitle "CBM 145 Extra"]
[Source "ChessBase"]
[SourceDate "2012.01.03"]
[SourceVersion "1"]
[SourceVersionDate "2012.01.03"]
[SourceQuality "1"]

1. e4 c6 2. d4 d5 3. e5 Bf5 4. Nd2 e6 5. Nb3 Nd7 6. Nf3 h6 7. Be3 Ne7 8. Be2 a5 9. a4 Bh7 10. 0-0 Nf5 11. Bd2 Be7 12. Rc1 0-0 13. c4 dxc4 14. Rxc4 Qb6 15. g4 Nh4 16. Nxh4 Bxh4 17. Be3 Qc7 18. Nc5 Nb6 19. Rc1 Nd5 20. Bd3 Rad8 21. Bxh7+ Kxh7 22. Qb3 Nb4 23. Nd3 Nxd3 24. Qxd3+ Kh8 25. f4 Be7 26. Qe4 Qd7 27. f5 Qd5 28. Qxd5 Rxd5 29. fxe6 fxe6 30. Rxf8+ Bxf8 31. Kg2 Be7 32. Kf3 Rd8 33. Ke2 Kh7 34. Rf1 Kg6 35. h3 Rd5 36. Rc1 Bd8 37. Kd3 Rd7 38. Rf1 Bg5 39. Bxg5 Kxg5 40. Kc4 Kh4 41. Rf3 b6 42. Rb3 Rb7 43. Rf3 b5+ 44. axb5 Rxb5 45. b3 Rb7 46. Kc5 Rd7 47. Rd3 Rd5+ 48. Kxc6 Kg5 49. Rd1 Kf4 50. Rf1+ Ke4 51. Rf7 Kxd4 52. Rxg7 Rxe5 53. Rg6 Rc5+ 54. Kd6 e5 55. Rxh6 e4 56. Rh5 Rc3 57. Rd5+ Ke3 58. Rxa5 Rxb3 59. Ke5 Kf3 60. g5 e3 61. g6 e2 62. Ra1 Re3+ 63. Kf6 e1Q 64. Rxe1 Rxe1 65. g7 Re8 66. Kf7 Ra8 67. g8Q Rxg8 68. Kxg8 Kg3 1/2-1/2

[Event "Milan Crespi op-A 32nd"]
[Site "Milan"]
[Date "2011.12.08"]
[Round "7"]
[White "Iudicello, Giovanni"]
[Black "Miracola, Massimiliano"]
[Result "0-1"]
[WhiteElo "2188"]
[BlackElo "2007"]
[PlyCount "68"]
[EventDate "2011.12.03"]
[EventType "swiss"]
[EventRounds "9"]
[EventCountry "ITA"]
[SourceTitle "EXT 2022"]
[Source "ChessBase"]
[SourceDate "2021.10.06"]
[SourceVersion "1"]
[SourceVersionDate "2021.10.06"]
[SourceQuality "1"]

1. e4 c5 2. Nf3 d6 3. d4 cxd4 4. Nxd4 Nf6 5. Nc3 g6 6. Be3 Bg7 7. f3 Nc6 8. Qd2 0-0 9. g4 Bd7 10. h4 Rc8 11. h5 Ne5 12. hxg6 fxg6 13. 0-0-0 Qa5 14. Nb3 Qc7 15. Be2 b5 16. Rdf1 Nc4 17. Bxc4+ bxc4 18. Nd4 Rb8 19. Nd1 Rfc8 20. c3 Qa5 21. Kb1 Rb7 22. Rh2 Ba4 23. Nc2 Bxc2+ 24. Qxc2 Rc6 25. Ka1 Ra6 26. a3 Nd7 27. Bd4 e5 28. Be3 Rb3 29. Rfh1 Nc5 30. Bxc5 Qxc5 31. Qc1 h6 32. Ne3 Rb7 33. Nd5 Rf7 34. Nb4 Rb6 0-1

[Event "Crema op 13th"]
[Site "Crema"]
[Date "2011.09.04"]
[Round "5"]
[White "Miracola, Massimiliano"]
[Black "Righini, Giovanni"]
[Result "1-0"]
[WhiteElo "1993"]
[BlackElo "1840"]
[PlyCount "111"]
[EventDate "2011.09.02"]
[EventType "swiss"]
[EventRounds "6"]
[EventCountry "ITA"]
[SourceTitle "EXT 2022"]
[Source "ChessBase"]
[SourceDate "2021.10.06"]
[SourceVersion "1"]
[SourceVersionDate "2021.10.06"]
[SourceQuality "1"]

1. e4 e6 2. d4 b6 3. Bd3 Bb7 4. Nf3 Nf6 5. Nbd2 d5 6. e5 Ne4 7. Qe2 Nxd2 8. Bxd2 a5 9. Ng5 Ba6 10. Qf3 Qd7 11. Nxh7 Bxd3 12. Qxd3 Be7 13. Ng5 c5 14. c3 Nc6 15. Nf3 c4 16. Qc2 b5 17. 0-0 b4 18. h3 Qb7 19. Bg5 f6 20. exf6 gxf6 21. Bf4 Kd7 22. b3 cxb3 23. Qxb3 Qb5 24. Rfc1 a4 25. Qb2 Na5 26. Nd2 Rag8 27. cxb4 Nc4 28. Nxc4 dxc4 29. Qc3 Qd5 30. Bg3 Bd6 31. Qxc4 Qxc4 32. Rxc4 Bxg3 33. fxg3 Rxg3 34. Rac1 Rhg8 35. R1c2 Rxh3 36. b5 Ra3 37. b6 Rb8 38. Rc7+ Kd6 39. b7 Rxa2 40. R2c6+ Kd5 41. Rb6 Rg8 42. b8Q Raxg2+ 43. Kf1 Rg1+ 44. Ke2 R1g2+ 45. Kd1 Rg1+ 46. Kc2 Rxb8 47. Rxb8 Kxd4 48. Rd8+ Ke4 49. Rc4+ Ke5 50. Rxa4 Rg2+ 51. Kc3 Rg3+ 52. Rd3 Rxd3+ 53. Kxd3 f5 54. Ke3 Kf6 55. Ra6 Ke5 56. Ra5+ 1-0